000 00439nam a2200157Ia 4500
008 210716s2011 xx 000 0 und d
020 _a9789380618982
041 _aeng
082 _a657.42 JHAH
100 _aJhamb, H V.
245 _aFundamentals of cost accounting: principles and practice.
_bPrinciples and practice.
250 _a1
260 _aNew Delhi
_bAne Books India
_c2011
300 _axvi,974
650 _aCost Accounting
999 _c207583
_d207583